Enológia

Bibliographic Details
Main Authors: Czako, Peter, 1982- (Author), Závracký, Marek (Author)
Format: Book
Language:Slovak
PhysicalDescription:106 s. fotogr., sch., tab. 29 cm
Published: Nitra Slovenská poľnohospodárska univerzita, Fakulta biotechnológie a potravinárstva 2013
ISBN:9788055209685
Edition:1. vyd.
Subjects:

MARC

LEADER 00000cam a2200000 a 4500
001 vtls010501895
003 SK-MaSNL
005 20260302083046.0
008 240318s2013 xo ao e 000 0 slo
015 |a SNBA2013/04 
020 |a 9788055209685  |q (brož.) 
035 |a ADC2BB36-1BD1-4731-84FE-B83A64348AE4 
035 |a urn:nbn:sk:snk-amjyms 
035 |a urn:nbn:sk:snk-am0085ht 
040 |a SNK  |b slo  |c SNK  |e AACR2 
041 0 |a slo 
044 |a xo  |c SK 
072 7 |a 663  |x Priemysel nápojov. Kvasný priemysel. Priemysel pochutín  |2 konspekt 
080 |a 634.8  |2 2001 
080 |a 663.2  |2 2001 
080 |a (075.8)  |2 2001 
100 1 |a Czako, Peter,  |d 1982-  |4 aut  |9 189314 
245 1 0 |a Enológia  |c Peter Czako, Marek Závracký 
250 |a 1. vyd. 
260 |a Nitra  |b Slovenská poľnohospodárska univerzita, Fakulta biotechnológie a potravinárstva  |c 2013 
300 |a 106 s.  |b fotogr., sch., tab.  |c 29 cm 
366 |e 100 výt. 
504 |a Bibliogr. s. 104-106 
650 0 7 |a vinohradníctvo  |2 SNKPH  |9 1657 
650 0 7 |a vinárstvo  |2 SNKPH  |9 1656 
650 0 7 |a enológia  |2 SNKPH  |9 18912 
650 0 7 |a Viticulture  |2 SNKPHeng  |9 267676 
650 0 7 |a Wine making  |2 SNKPHeng  |9 330176 
655 7 |a učebnice vysokých škôl  |2 SNKPH  |9 70191 
655 7 |a Textbooks (higher)  |2 SNKPHeng  |9 276436 
700 1 |a Závracký, Marek  |4 aut  |9 361855 
852 |a Štátna vedecká knižnica v Banskej Bystrici 
919 |a 978-80-552-0968-5 
958 |a NB 
999 |c 1182421  |d 1184351 
952 |a SNK  |b SNK  |y PREZ  |7 0  |p 17A1057095  |o snkSB 84809  |i snk2013/8067  |8 0  |0 0  |1 0  |4 0  |d 2013-04-10  |f 1  |l 0  |r 2025-05-07 00:00:00  |w 2026-02-24 
952 |a SNK  |b SNK  |y VYP  |7 0  |p 17A1057096  |o snkSB 84809 D1  |i snk2013/8068  |8 0  |0 0  |1 0  |4 0  |d 2013-04-10  |l 0  |r 2016-06-30 00:00:00  |w 2026-02-24